Оценка информативности определения фильтрационных параметров пласта на эксплуатационных объектах по кривым стабилизации давления горизонтальных скважин; Проблемы геологии и освоения недр; Т. 1

Xehetasun bibliografikoak
Parent link:Проблемы геологии и освоения недр=Problems of Geology and Subsurface Development: труды XXV Международного симпозиума имени академика М. А. Усова студентов и молодых учёных, посвященного 120-летию горногеологического образования в Сибири, 125-летию со дня основания Томского политехнического университета, Томск, 5-9 апреля 2021 г./ Национальный исследовательский Томский политехнический университет, Инженерная школа природных ресурсов ; гл. ред. Н. В. Гусева ; под ред. Е. Ю. Пасечник.— , 2021
Т. 1.— 2021.— [С. 182-184]
Egile nagusia: Хагай Д. Э. Данил Эдуардович
Erakunde egilea: Национальный исследовательский Томский политехнический университет Инженерная школа природных ресурсов Отделение нефтегазового дела
Beste egile batzuk: Чернова О. С. Оксана Сергеевна (научный руководитель)
Gaia:Заглавие с экрана
Hizkuntza:errusiera
Argitaratua: 2021
Saila:Геология нефти и газа. Современные методы поисков и разведки углеводородного сырья
Gaiak:
Sarrera elektronikoa:http://earchive.tpu.ru/handle/11683/68750
Formatua: Baliabide elektronikoa Liburu kapitulua
KOHA link:https://koha.lib.tpu.ru/cgi-bin/koha/opac-detail.pl?biblionumber=633495

MARC

LEADER 00000naa2a2200000 4500
001 633495
005 20251223162528.0
035 |a (RuTPU)RU\TPU\conf\35243 
035 |a RU\TPU\conf\35241 
090 |a 633495 
100 |a 20210924d2021 k y0rusy50 ca 
101 0 |a rus 
102 |a RU 
135 |a drcn ---uucaa 
181 0 |a i  
182 0 |a b 
200 1 |a Оценка информативности определения фильтрационных параметров пласта на эксплуатационных объектах по кривым стабилизации давления горизонтальных скважин  |f Д. Э. Хагай  |g науч. рук. О. С. Чернова 
203 |a Текст  |c электронный 
225 1 |a Геология нефти и газа. Современные методы поисков и разведки углеводородного сырья 
300 |a Заглавие с экрана 
320 |a [Библиогр.: с. 184 (2 назв.)] 
461 1 |0 (RuTPU)RU\TPU\conf\35202  |t Проблемы геологии и освоения недр  |l Problems of Geology and Subsurface Development  |o труды XXV Международного симпозиума имени академика М. А. Усова студентов и молодых учёных, посвященного 120-летию горногеологического образования в Сибири, 125-летию со дня основания Томского политехнического университета, Томск, 5-9 апреля 2021 г.  |o в 2 т.  |f Национальный исследовательский Томский политехнический университет, Инженерная школа природных ресурсов ; гл. ред. Н. В. Гусева ; под ред. Е. Ю. Пасечник  |d 2021 
463 1 |0 (RuTPU)RU\TPU\conf\35203  |t Т. 1  |v [С. 182-184]  |d 2021 
610 1 |a труды учёных ТПУ 
610 1 |a электронный ресурс 
610 1 |a информативность 
610 1 |a фильтрационные параметры 
610 1 |a пласты 
610 1 |a эксплуатационные объекты 
610 1 |a стабилизация 
610 1 |a давление 
610 1 |a горизонтальные скважины 
700 1 |a Хагай  |b Д. Э.  |g Данил Эдуардович  |f 1992-  |c специалист в области нефтегазового дела  |c старший преподаватель Томского политехнического университета  |y Томск  |9 88929 
702 1 |a Чернова  |b О. С.  |c геолог  |c доцент Томского политехнического университета, кандидат геолого-минералогических наук  |f 1967-  |g Оксана Сергеевна  |4 727 
712 0 2 |a Национальный исследовательский Томский политехнический университет  |b Инженерная школа природных ресурсов  |b Отделение нефтегазового дела  |3 (RuTPU)RU\TPU\col\23546 
801 2 |a RU  |b 63413507  |c 20211029  |g RCR 
850 |a 63413507 
856 4 |u http://earchive.tpu.ru/handle/11683/68750 
942 |c CF